LEADER 03687nam 2200757 450 001 9910786804903321 005 20211005215008.0 010 $a0-8232-6671-0 010 $a0-8232-6402-5 010 $a0-8232-6403-3 024 7 $a10.1515/9780823264025 035 $a(CKB)3710000000224269 035 $a(EBL)3239922 035 $a(SSID)ssj0001355392 035 $a(PQKBManifestationID)11850505 035 $a(PQKBTitleCode)TC0001355392 035 $a(PQKBWorkID)11346894 035 $a(PQKB)11478632 035 $a(StDuBDS)EDZ0001111285 035 $a(OCoLC)890507601 035 $a(MdBmJHUP)muse37890 035 $a(DE-B1597)555392 035 $a(DE-B1597)9780823264025 035 $a(MiAaPQ)EBC3239922 035 $a(Au-PeEL)EBL3239922 035 $a(CaPaEBR)ebr10913494 035 $a(OCoLC)923764451 035 $a(MiAaPQ)EBC1741703 035 $a(Au-PeEL)EBL1741703 035 $a(EXLCZ)993710000000224269 100 $a20140909h20142014 uy 0 101 0 $aeng 135 $aurnn#---|u||u 181 $ctxt 182 $cc 183 $acr 200 00$aDialogue of love $ebreaking the silence of centuries /$fedited by John Chryssavgis 205 $aFirst edition. 210 1$aNew York, New York :$cFordham University Press,$d2014. 210 4$d©2014 215 $a1 online resource (75 p.) 225 1 $aOrthodox Christianity and Contemporary Thought 300 $aDescription based upon print version of record. 311 0 $a1-322-96533-1 311 0 $a0-8232-6400-9 320 $aIncludes bibliographical references. 327 $tFront matter --$tContents --$tForeword --$tPreface --$t1. Pilgrimage toward Unity --$t2. Breathing with Both Lungs --$t3. ?A Sign of Contradiction? --$tAfterword: The Dawn of Expectation --$tContributors 330 $aIn 1964, a little-noticed albeit pioneering encounter in the Holy Land between the heads of the Roman Catholic Church and the Orthodox Church spawned numerous contacts and diverse openings between the two ?sister churches,? which had not communicated with each other for centuries. Fifty years later, Pope Francis and Ecumenical Patriarch Bartholomew meet in Jerusalem to commemorate that historical event and celebrate the close relations that have developed through mutual exchanges of formal visits and an official theological dialogue that began in 1980. This book contains three unique chapters: The first is a sketch of the behind-the-scenes challenges and negotiations that accompanied the meeting in 1964, detailing the immediate consequences of the event and setting the tone for the volume. The second is an inspirational account, interwoven with a scholarly evaluation of the work of the North American Standing Council on Orthodox/Catholic relations over the past decades. The third chapter presents a recently discovered reflection on the meeting that took place fifty years ago by one of the most important Orthodox theologians of the twentieth century, expressing cautious optimism about the future of Christian unity. 410 0$aOrthodox Christianity and contemporary thought. 606 $aRELIGION / Christianity / Orthodox$2bisacsh 610 $aChurch Schism. 610 $aEcumenical Dialogue. 610 $aOrthodox Church. 610 $aPope Francis. 610 $aRoman Catholic Church. 610 $aTheological Dialogue. 615 7$aRELIGION / Christianity / Orthodox. 676 $a281.90902 702 $aChryssavgis$b John 801 0$bMiAaPQ 801 1$bMiAaPQ 801 2$bMiAaPQ 906 $aBOOK 912 $a9910786804903321 996 $aDialogue of love$93795635 997 $aUNINA LEADER 01075nam 2200385 450 001 9910828422503321 005 20230809223147.0 010 $a0-19-107196-X 035 $a(CKB)3710000001095606 035 $a(MiAaPQ)EBC4828922 035 $a(EXLCZ)993710000001095606 100 $a20170410h20172017 uy 0 101 0 $aeng 135 $aurcnu|||||||| 181 $2rdacontent 182 $2rdamedia 183 $2rdacarrier 200 10$aProfessor Higgins's problem collection /$fPeter M. Higgins 210 1$aNew York, New York :$cOxford University Press,$d2017. 210 4$d©2017 215 $a1 online resource (126 pages) 300 $aIncludes index. 311 $a0-19-875547-3 311 $a0-19-107197-8 606 $aMathematics$vProblems, exercises, etc 615 0$aMathematics 676 $a510.76 700 $aHiggins$b Peter M.$0524604 801 0$bMiAaPQ 801 1$bMiAaPQ 801 2$bMiAaPQ 906 $aBOOK 912 $a9910828422503321 996 $aProfessor Higgins's problem collection$94092162 997 $aUNINA LEADER 01686nam 2200253la 450 001 9910482303903321 005 20221102160952.0 035 $a(UK-CbPIL)2090364568 035 $a(CKB)5500000000090133 035 $a(EXLCZ)995500000000090133 100 $a20221102d1651 uy | 101 0 $alat 135 $aurcn||||a|bb| 200 10$aMartini Schoock? Ultrajectini liber de bonis vulgo ecclesiasticis dictis: item de canonicis: atque speciatim de canonicis Ultrajectinis; horumque occasione, de officio ministrorum ecclesiae erga magistratus Amplius partim sect. I. partim sect. III. breviter proponitur successio ecclesiae in Belgio, simulque specimen majoris operis, quod prolixe exhibebit historiam reformationis ecclesiasticae per provincias Belgicas Post praeationem occurrit syllabus sectionum et capitum 210 $aGroningen $cJohann Nicolai$d1651 215 $aOnline resource ([80], 758, [2] p, 4°) 300 $aReproduction of original in Koninklijke Bibliotheek, Nationale bibliotheek van Nederland. 700 $aSchoock$b Martinus$f1614-1669.$0978973 801 0$bUk-CbPIL 801 1$bUk-CbPIL 906 $aBOOK 912 $a9910482303903321 996 $aMartini Schoock? Ultrajectini liber de bonis vulgo ecclesiasticis dictis: item de canonicis: atque speciatim de canonicis Ultrajectinis; horumque occasione, de officio ministrorum ecclesiae erga magistratus Amplius partim sect. I. partim sect. III. breviter proponitur successio ecclesiae in Belgio, simulque specimen majoris operis, quod prolixe exhibebit historiam reformationis ecclesiasticae per provincias Belgicas Post praeationem occurrit syllabus sectionum et capitum$92290182 997 $aUNINA